| 000 | 02084nam0a2200445 4500 | ||
|---|---|---|---|
| 001 | RU\NLR\BIBL_A\012308717 | ||
| 005 | 20200813131015.0 | ||
| 010 |
_a978-5-358-23813-8 _93000 |
||
| 021 |
_aRU _bКН-П-20-019671 _9КН-П-20-1544 |
||
| 035 | _a(NLR Aleph) 012308717 | ||
| 035 | _a(RuMoRGB)010317869 | ||
| 090 |
_a11359688 _c11359688 |
||
| 100 | _a20200806d2020 e y0rusy50 ca | ||
| 101 | 0 | _arus | |
| 102 | _aRU | ||
| 105 | _aac j 000zy | ||
| 181 | 0 |
_ai _baxxe |
|
| 182 | 0 | _an | |
| 200 | 1 |
_aМолекулярная физика. Термодинамика _e10 класс _eуглублённый уровень _eучебник _fГ. Я. Мякишев, А. З. Синяков |
|
| 203 |
_aТекст _bвизуальный _cнепосредственный |
||
| 205 | _a9-е изд., стер. | ||
| 210 |
_aМосква _cДрофа _cРоссийский учебник _d2020 |
||
| 215 |
_a351 с. _cил., портр., табл. _d22 |
||
| 225 | 1 | _aФизика | |
| 225 | 1 |
_aРоссийский учебник _eРУ |
|
| 300 | _aЗагл. в макете и вып. дан.: Физика: Молекулярная физика. Термодинамика | ||
| 320 | _aБиблиогр.: с. 339 | ||
| 517 | 1 | _aФизика: Молекулярная физика. Термодинамика | |
| 517 | 1 | _aТермодинамика | |
| 606 | 1 |
_aМолекулярная физика _jУчебники для средней школы _2nlr_sh1 _2nlr_sh2 _3RU\NLR\AUTH\6614992 |
|
| 606 | 1 |
_aТермодинамика _jУчебники для средней школы _2nlr_sh1 _2nlr_sh2 _3RU\NLR\AUTH\6614666 |
|
| 686 | 1 | _aВ36я721-1 | |
| 686 | 1 | _aВ317.1я721-1 | |
| 700 | 1 |
_aМякишев _bГ. Я. _f1926-2003 _gГеннадий Яковлевич _3RU\NLR\AUTH\773075 |
|
| 701 | 1 |
_aСиняков _bА. З. _gАрон Залманович |
|
| 942 | _cBOOK | ||
| 980 | _aNBR | ||
| 980 | _aNB | ||